| 000 | 00537cam a22001932 4500 | ||
|---|---|---|---|
| 001 | 0000012895 | ||
| 005 | 20151217155853.0 | ||
| 008 | 090331s xx 000 0 eng d | ||
| 040 |
_aKABU _cKABU |
||
| 110 | 2 |
_aKenya. _@0000150215 |
|
| 245 | 1 | 0 |
_aKenya : _ba story of progress / _cKenya. |
| 250 | _a1st ed. | ||
| 260 |
_aNairobi : _bGovt. Printer, _c1955. |
||
| 300 | _a47 p. | ||
| 651 | 0 |
_aKenya _xHistory. _@0000148727 |
|
| 852 | 1 | _9p100 KES | |
| 908 | _a090331 | ||
| 950 | _@1 | ||
| 999 |
_c13542 _d13542 |
||